| 000 | 00796nam a2200253Ia 4500 | ||
|---|---|---|---|
| 003 | GCL | ||
| 008 | 140319s9999 xx 000 0 ara d | ||
| 020 | _a9452502977 | ||
| 040 |
_aGCL / _cGCL |
||
| 082 | 0 | 4 |
_a239.9 _bخ ر |
| 100 | 1 | _aخالد محمد خالد | |
| 245 | 1 | 0 |
_aرجال حول الرسول / _cخالد محمد خالد |
| 250 | _aالسادسة | ||
| 260 |
_aالقاهرة : _bدار المعارف ، _c1994 |
||
| 300 |
_a5مج ؛ _c20 سم |
||
| 650 | 0 | 4 | _aعمر بن الخطاب |
| 650 | 0 | 4 | _aالصحابة |
| 650 | 0 | 4 | _aعثمان بن عفان |
| 650 | 0 | 4 | _aالصحابة والتابعون |
| 650 | 0 | 4 | _aالصحابة والتابعون - تراجم |
| 650 | 0 | 4 | _aعلى بن ابى طالب |
| 650 | 0 | 4 | _aابو بكر الصديق |
| 942 |
_2ddc _cBK |
||
| 999 |
_c4801 _d4801 |
||